000 01102nam a2200289 i 4500
003 DO-SdBNP
005 20230928132055.0
007 ta
008 140610s2017 dr 000 0 spa d
020 _a9789945905267
040 _aDO-SdBNP
_bspa
_cBNPHU
_erda
082 4 _a342.729302
_bR426co, 2017
_222
110 1 _aRepública Dominicana.
_9447
240 _aConstitución (2015)
245 1 0 _aConstitución de la República Dominicana :
_bvotada y proclamada por la Asamblea Nacional el 13 de junio de 2015, publicada en la Gaceta Oficcial no. 10805 del 10 de julio de 2015
264 _aSanto Domingo :
_bTribunal Constitucional de la República Dominicana,
_c(5a. reimpresión, 2017)
300 _a151 páginas ;
_c23 cm.
336 _2rdacontent
_atexto
_btxt
337 _2rdamedia
_asin mediación
_bn
338 _2rdacarrier
_avolumen
_bnc
500 _aIncluye índice temático
590 _aInventariado, 2023/BT
651 4 _aRepública Dominicana
_xConstitución
_935654
651 4 _aRepública Dominicana
_zDerecho Constitucional
_9449
910 _aBtavárez
942 _2ddc
_cLBS1
999 _c54739
_d54739